| 000 | 01182nam a2200217Ia 4500 | ||
|---|---|---|---|
| 003 | GCL | ||
| 005 | 20240530104822.0 | ||
| 008 | 140319s9999 xx 000 0 ara d | ||
| 040 |
_aGCL / _cGCL |
||
| 082 | 0 | 4 |
_a334.0156903 _bا ا |
| 100 | 0 | _aالمجلس الاقتصادى الفلسطينى للتنمية واعادة الاعمار | |
| 245 | 1 | 0 |
_aاعادة اعمار فلسطين: القضايا - الخيارات - السياسات - الاستراتيجيات: بحوث وتوصيات مؤتمر الاعمار الريفى والحضرى لدولة فلسطين الذى نظمه المجلس الاقتصادى الفلسطينى للتنمية واعادة الاعمار / _cالمجلس الاقتصادى الفلسطينى للتنمية واعادة الاعمار |
| 300 | _a831 ص | ||
| 490 |
_aمركز دراسات الوحده العربية _v0 |
||
| 650 | 0 | 4 | _aاعادة البناء - فلسطين |
| 650 | 0 | 4 | _aاعادة الاسكان - فلسطين |
| 650 | 0 | 4 | _aالتنمية الريفية - فلسطين |
| 650 | 0 | 4 | _aالتنمية الحضرية - فلسطين |
| 650 | 0 | 4 | _aسياسة الاسكان - فلسطين |
| 942 |
_2ddc _cBK |
||
| 999 |
_c50915 _d50915 |
||